Bayern in Fotos - Statistiken

Allgemein
  • Dieses Quiz wurde 120 mal gespielt
  • Das Durchschnittsergebnis liegt bei 6 aus 11
Antwortstatistiken
Bildquiz Antwort % Korrekt
München
82%
Passau
69%
Regensburg
69%
Garmisch-Partenkirchen
68%
Bamberg
65%
Nürnburg
57%
Augsburg
45%
Landshut
31%
Würzburg
31%
Oberstdorf
25%
Erlangen
8%
Keine übereinstimmenden Quizze gefunden
Verteilung der Resultate
Anzahl Personen mit jedem Resultat
Perzentil nach korrekt beantworteten Fragen
Ihre Resultats-Entwicklung
Sie haben dieses Quiz noch nicht gespielt